Matemáticas avanzadas para ingeniería v.1

Bibliographic Details
Main Author: Kreyzing, Erwin
Format: Section = Libro
Language:Undetermined
Spanish
Published: México Limusa/Wiley 2000
Edition:3a.ed
Subjects:
LEADER 00657nam a2200241Ia 4500
008 240830s9999 xx 000 0 und d
020 |a 968-18-5310-5 
040 |a B-ESTELÍ- RUACS / 510 K92 
041 |a spa 
082 |a 510 K92 
100 1 |a Kreyzing, Erwin 
245 1 0 |a Matemáticas avanzadas para ingeniería v.1 
250 |a 3a.ed 
260 |a México  |b Limusa/Wiley  |c 2000 
300 |a 721 p. :il 
650 7 |a MATEMATICAS - INGENIERÍA 
650 7 |b  ECUACIONES DIFERENCIALES ORDINARIAS 
650 7 |c  ALGEBRA LINEAL 
650 7 |d  CALCULO VECTORIAL 
650 7 |e  TRANSFORMADA DE LAPLACE 
942 |c BK  |2 ddc 
991 |a TEXTO 
999 |c 10888